000 00554nam a2200169 4500
999 _c4704
_d4704
008 160919b xxu||||| |||| 00| 0 eng d
022 _a2094-8042
082 _aDPer 370.105 M72 Jan-Dec 2012 v. 60-61
100 _914975
_aDe Guzman, Sonny N.
243 _aThe modern teacher
245 _aThe missing ingredient in education/
_cSonny N. De Guzman.
260 _aPhilippines:
_bIn the Grade School, Inc.,
_c©2012.
300 _av61, pages 253 and 255;
_c28 cm.
500 _aThe Modern Teacher.
650 0 _914976
_aEducation
942 _2ddc
_cPER